[Event "DEM U14w 2019"]
[Site "Willingen GER"]
[Date "2019.06.10"]
[Round "3"]
[White "Doll, Rebecca"]
[Black "Heutling, Elina"]
[Result "1-0"]
[Termination "normal"]
[Board "1"]
[WhiteElo "1678"]
[BlackElo "1712"]
[WhiteClock "00:14:41"]
[BlackClock "00:21:46"]
[PlyCount "107"]
[WhiteFideId "16236890"]
[BlackFideId "16244729"]
[EventCountry "GER"]
[EventRounds "9"]
[EventType "swiss"]
[EventDate "2019.06.08"]

1. e4 e5 2. Nf3 Nc6 3. Bc4 Nf6 4. d3 Be7 5. O-O O-O 6. Bb3 d6 7. c3 Na5 8. Bc2
c5 9. Nbd2 Nc6 10. Re1 Re8 11. Nf1 h6 12. Ng3 Bf8 13. h3 a6 14. Be3 b5 15. d4
cxd4 16. cxd4 Bb7 17. a3 Qc7 18. Rc1 Rac8 19. Bb1 Qb8 20. Qd2 exd4 21. Nxd4 Ne5
22. Ndf5 Nc4 23. Qd4 Nxe3 24. Nxe3 Rxc1 25. Rxc1 Qd8 26. Rd1 Qc7 27. Nef5 h5
28. Kh2 d5 29. exd5 Bxd5 30. Kg1 Bb3 31. Rf1 Rd8 32. Qh4 Qc6 33. Nxh5 Nxh5 34.
Qxd8 Qe6 35. Nd4 Qc4 36. Nxb3 Qxb3 37. Qd1 Qxd1 38. Rxd1 Be7 39. Rd7 Bf6 40.
Ra7 g6 41. b4 Nf4 42. Rxa6 Bb2 43. Kf1 Nd5 44. Bd3 Nc3 45. Ra5 Kg7 46. Ke1 Kf6
47. Kd2 Nd5 48. Bxb5 Nf4 49. Bc6 Ne6 50. Ra6 Ke5 51. b5 Nc5 52. Ra7 Ke6 53. b6
Bd4 54. Ra8 1-0

[Event "DEM U14w 2019"]
[Site "Willingen GER"]
[Date "2019.06.10"]
[Round "3"]
[White "Yue, Qizhou"]
[Black "Zöllner, Bente"]
[Result "1-0"]
[Termination "normal"]
[Board "2"]
[WhiteElo "1840"]
[BlackElo "1530"]
[WhiteClock "01:06:02"]
[BlackClock "00:11:35"]
[PlyCount "41"]
[WhiteFideId "16273800"]
[BlackFideId "16230523"]
[EventCountry "GER"]
[EventRounds "9"]
[EventType "swiss"]
[EventDate "2019.06.08"]

1. e4 c5 2. Nc3 Nc6 3. Bb5 g6 4. Bxc6 dxc6 5. f4 Bg7 6. Nf3 Nf6 7. d3 Bd7 8.
O-O O-O 9. Qe1 Qc7 10. f5 a5 11. Qh4 b6 12. Bh6 Rfe8 13. Bxg7 Kxg7 14. e5 Ng8
15. e6 fxe6 16. fxe6 Bc8 17. Ng5 Nf6 18. Rxf6 h5 19. Rf7+ Kh8 20. Rh7+ Kg8 21.
Qe4 1-0

[Event "DEM U14w 2019"]
[Site "Willingen GER"]
[Date "2019.06.10"]
[Round "3"]
[White "Peglau, Mirjam"]
[Black "Bashylina, Luisa"]
[Result "0-1"]
[Termination "normal"]
[Board "3"]
[BlackTitle "WCM"]
[WhiteElo "1746"]
[BlackElo "1812"]
[WhiteClock "01:03:17"]
[BlackClock "00:09:38"]
[PlyCount "120"]
[WhiteFideId "16211138"]
[BlackFideId "12983292"]
[EventCountry "GER"]
[EventRounds "9"]
[EventType "swiss"]
[EventDate "2019.06.08"]

1. d4 Nf6 2. c4 g6 3. Nc3 Bg7 4. e4 d6 5. f3 O-O 6. Be3 Nc6 7. Bd3 e5 8. d5 Nb4
9. Bb1 Nh5 10. Nge2 f5 11. exf5 gxf5 12. a3 Na6 13. O-O b6 14. Bc2 Bd7 15. Qd2
Kh8 16. b4 Rg8 17. Bd3 Qc8 18. Rac1 f4 19. Bf2 Bh3 20. c5 Bxg2 21. Kxg2 Bf6+
22. Ng3 fxg3 23. hxg3 Nf4+ 24. Kg1 Qh3 25. Be1 Rxg3+ 26. Bxg3 Qxg3+ 27. Kh1
Qh3+ 28. Qh2 Qxh2+ 29. Kxh2 Nxd3 30. Rcd1 Nb2 31. Rb1 Nc4 32. Ne4 Be7 33. cxd6
cxd6 34. Rbc1 Ne3 35. Rf2 Nxd5 36. Rd2 Ne3 37. Nxd6 Rf8 38. Nb5 Bg5 39. Rd7
Ng4+ 40. fxg4 Bxc1 41. Rxa7 Nb8 42. Rb7 Be3 43. Nd6 Nc6 44. Nf7+ Kg8 45. Nd6
Nd4 46. Nc4 Bf4+ 47. Kg2 e4 48. Re7 b5 49. Rxe4 Nc2 50. Re2 Nxb4 51. axb4 bxc4
52. Re4 c3 53. Rc4 Be5 54. b5 Rf4 55. Rc8+ Kf7 56. b6 Rxg4+ 57. Kf3 Rb4 58. Rc5
Ke6 59. Rc6+ Kd5 60. Rh6 c2 0-1

[Event "DEM U14w 2019"]
[Site "Willingen GER"]
[Date "2019.06.10"]
[Round "3"]
[White "Oswald, Hannah"]
[Black "Schmidt, Pauline"]
[Result "1-0"]
[Termination "normal"]
[Board "4"]
[WhiteElo "1632"]
[BlackElo "1620"]
[WhiteClock "00:07:27"]
[BlackClock "00:30:29"]
[PlyCount "56"]
[WhiteFideId "16214960"]
[BlackFideId "16209850"]
[EventCountry "GER"]
[EventRounds "9"]
[EventType "swiss"]
[EventDate "2019.06.08"]

1. e4 c5 2. Nf3 d6 3. d4 cxd4 4. Nxd4 Nf6 5. Nc3 a6 6. Bg5 e6 7. f4 Qb6 8. Nb3
Nc6 9. Qf3 Be7 10. O-O-O Bd7 11. g4 O-O-O 12. Bh3 Kb8 13. Bh4 h6 14. Bf2 Qc7
15. Qe3 Kc8 16. Kb1 Rde8 17. Na4 Reg8 18. Nb6+ Kb8 19. Rd2 Rd8 20. Rhd1 g6 21.
e5 dxe5 22. fxe5 Nd5 23. Nxd5 exd5 24. Rxd5 Bg5 25. Qb6 Qc8 26. Nc5 Be6 27.
R5d3 Ka8 28. Nxe6 Qxe6 1-0

[Event "DEM U14w 2019"]
[Site "Willingen GER"]
[Date "2019.06.10"]
[Round "3"]
[White "Reuter, Elisa"]
[Black "Bildat, Emilia"]
[Result "1-0"]
[Termination "normal"]
[Board "5"]
[WhiteElo "1923"]
[BlackElo "1649"]
[WhiteClock "00:15:46"]
[BlackClock "00:09:45"]
[PlyCount "103"]
[WhiteFideId "12995444"]
[BlackFideId "16218140"]
[EventCountry "GER"]
[EventRounds "9"]
[EventType "swiss"]
[EventDate "2019.06.08"]

1. e4 c5 2. Nf3 Nc6 3. Bb5 g6 4. O-O Bg7 5. c3 e5 6. Re1 Nge7 7. a4 O-O 8. Bc4
d6 9. Na3 a6 10. d3 Bd7 11. Ba2 Rb8 12. Be3 b5 13. axb5 axb5 14. d4 c4 15. dxe5
dxe5 16. Bc5 Bg4 17. Qe2 Qd3 18. Qxd3 cxd3 19. Rad1 Rfd8 20. Bb1 Bxf3 21. gxf3
d2 22. Re2 Bh6 23. Be3 Kg7 24. Rexd2 Rxd2 25. Rxd2 b4 26. cxb4 Rxb4 27. Ba2 Nd4
28. Kg2 Nec6 29. Bxh6+ Kxh6 30. Bxf7 Rb7 31. Bd5 Kg5 32. Kg3 Rb8 33. Nc4 Kf6
34. Bxc6 Rb3 35. Ne3 Nxc6 36. Rd6+ Kg5 37. Rxc6 Rxb2 38. Re6 Rb1 39. Rxe5+ Kf6
40. Ng4+ Kf7 41. Kg2 h5 42. Ne3 Kf6 43. Rd5 Ke6 44. Rg5 Kf6 45. f4 Kf7 46. Nc4
Rb4 47. Ne5+ Ke8 48. Nxg6 Rxe4 49. Re5+ Rxe5 50. fxe5 Kf7 51. Nh4 Ke6 52. f4
1-0

[Event "DEM U14w 2019"]
[Site "Willingen GER"]
[Date "2019.06.10"]
[Round "3"]
[White "Orlova, Alicia"]
[Black "Liu, Sijia Anna"]
[Result "1-0"]
[Termination "normal"]
[Board "6"]
[WhiteElo "1621"]
[BlackElo "1689"]
[WhiteClock "00:11:32"]
[BlackClock "00:16:07"]
[PlyCount "101"]
[WhiteFideId "34154563"]
[BlackFideId "12989746"]
[EventCountry "GER"]
[EventRounds "9"]
[EventType "swiss"]
[EventDate "2019.06.08"]

1. e4 c5 2. Nf3 e6 3. g3 Nc6 4. Bg2 g6 5. c3 Bg7 6. O-O Nge7 7. d3 O-O 8. Be3
d6 9. Qd2 Qc7 10. Bh6 d5 11. Bxg7 Kxg7 12. exd5 Nxd5 13. Na3 a6 14. Nc4 Rd8 15.
Rad1 b5 16. Ne3 Nf6 17. b3 Bb7 18. Qb2 Rac8 19. Rd2 Rd7 20. Rfd1 Rcd8 21. Nc2
Qb6 22. h3 Kg8 23. Ne3 Qc7 24. Nc2 Ne5 25. Nxe5 Qxe5 26. Bxb7 Rxb7 27. d4 Qh5
28. dxc5 Rxd2 29. Rxd2 Qxc5 30. c4 Rd7 31. Rxd7 Nxd7 32. cxb5 axb5 33. Ne3 Nb6
34. Ng4 Nd5 35. Nh6+ Kf8 36. Qh8+ Ke7 37. Qxh7 Qc1+ 38. Kh2 Qd2 39. Qxf7+ Kd6
40. Qf8+ Kc6 41. Qa8+ Kc5 42. Ng4 Nc3 43. Qf8+ Kb6 44. Qf6 Nxa2 45. Qxe6+ Ka5
46. Qxg6 Nc1 47. Qf7 Qc2 48. h4 Nxb3 49. h5 Qd1 50. Ne3 Qd3 51. h6 1-0

[Event "DEM U14w 2019"]
[Site "Willingen GER"]
[Date "2019.06.10"]
[Round "3"]
[White "Wagner, Margarethe"]
[Black "Adelhardt, Lisa"]
[Result "0-1"]
[Termination "normal"]
[Board "7"]
[WhiteElo "1741"]
[BlackElo "1293"]
[WhiteClock "00:05:19"]
[BlackClock "00:06:24"]
[PlyCount "76"]
[WhiteFideId "16236947"]
[BlackFideId "16235380"]
[EventCountry "GER"]
[EventRounds "9"]
[EventType "swiss"]
[EventDate "2019.06.08"]

1. e4 e5 2. Nf3 Nc6 3. Bc4 Bc5 4. O-O Nf6 5. d3 h6 6. c3 d6 7. a4 a5 8. h3 O-O
9. Re1 Be6 10. Na3 d5 11. exd5 Bxd5 12. Nxe5 Nxe5 13. Rxe5 Bxa3 14. Bxd5 Bd6
15. Rf5 Nxd5 16. Rxd5 Bh2+ 17. Kxh2 Qxd5 18. Bf4 Rac8 19. d4 Rfe8 20. Qc2 Qe4
21. Qxe4 Rxe4 22. Kg3 f6 23. Kf3 Re7 24. Ra3 g5 25. Be3 f5 26. d5 Rd7 27. c4 c6
28. dxc6 Rxc6 29. Rc3 Kf7 30. b3 f4 31. Bc1 Rcd6 32. Ke2 Re7+ 33. Kf3 Red7 34.
Ke2 Kf6 35. c5 Rc6 36. Bb2 Kf5 37. Rc4 Rd5 38. Ba3 Re6+ 0-1

[Event "DEM U14w 2019"]
[Site "Willingen GER"]
[Date "2019.06.10"]
[Round "3"]
[White "Werner, Rosalie"]
[Black "Buchholz, Maja"]
[Result "0-1"]
[Termination "normal"]
[Board "8"]
[WhiteElo "1610"]
[BlackElo "1657"]
[WhiteClock "00:01:32"]
[BlackClock "00:37:40"]
[PlyCount "126"]
[WhiteFideId "16223748"]
[BlackFideId "16200500"]
[EventCountry "GER"]
[EventRounds "9"]
[EventType "swiss"]
[EventDate "2019.06.08"]

1. e4 c5 2. Nf3 d6 3. d4 cxd4 4. Nxd4 Nf6 5. Nc3 g6 6. Be2 Bg7 7. Be3 Nc6 8.
O-O O-O 9. Kh1 a6 10. f4 Qc7 11. Nb3 b5 12. a3 Bb7 13. Qe1 Na5 14. Nxa5 Qxa5
15. Bf3 Qc7 16. Bd2 Nd7 17. Qg3 Nb6 18. Rfb1 Nc4 19. Qe1 Rab8 20. Ra2 Rfe8 21.
Ne2 Nxd2 22. Qxd2 Qc4 23. b3 Qc5 24. Ng3 Bc3 25. Qe2 Bc8 26. Rd1 Be6 27. Rd3
Rbc8 28. Qe3 a5 29. f5 Bd7 30. Ne2 Qxe3 31. Rxe3 Be5 32. g4 Rc7 33. c3 Rec8 34.
Rc2 Be8 35. h4 h6 36. g5 hxg5 37. hxg5 Kg7 38. Bg4 Bd7 39. Rh3 Kg8 40. Kg1 Rc5
41. Rd3 R8c7 42. Bh3 Bc6 43. Bg2 Kg7 44. Kh1 Rc8 45. Rh3 Rb8 46. Rc1 Rc8 47.
Kg1 Bd7 48. Rf3 Rh8 49. f6+ exf6 50. gxf6+ Kg8 51. Kf1 Bg4 52. Rd3 Kf8 53. Kf2
Ke8 54. Rf1 Rh2 55. Rg1 Kd7 56. Kf1 Bxf6 57. Ke1 Bxe2 58. Kxe2 Rxc3 59. Rxc3
Bxc3 60. Kd3 Bb2 61. a4 bxa4 62. bxa4 Ba3 63. Kd4 Bc5+ 0-1

[Event "DEM U14w 2019"]
[Site "Willingen GER"]
[Date "2019.06.10"]
[Round "3"]
[White "Petersen, Sophie"]
[Black "Butenandt, Svenja"]
[Result "0-1"]
[Termination "normal"]
[Board "9"]
[WhiteElo "1430"]
[BlackElo "1722"]
[WhiteClock "00:27:15"]
[BlackClock "00:26:18"]
[PlyCount "138"]
[WhiteFideId "16229380"]
[BlackFideId "12993859"]
[EventCountry "GER"]
[EventRounds "9"]
[EventType "swiss"]
[EventDate "2019.06.08"]

1. e4 c5 2. Nf3 e6 3. d4 cxd4 4. Nxd4 Nf6 5. Nc3 d6 6. Be2 Be7 7. O-O a6 8. a4
O-O 9. Be3 Qc7 10. f4 b6 11. Bf3 Bb7 12. Kh1 Nbd7 13. Qe1 Nc5 14. Bg1 Rfe8 15.
e5 dxe5 16. fxe5 Nfd7 17. Bxb7 Nxb7 18. Nf3 Nd8 19. Qe3 Nc6 20. Rae1 h6 21. h3
Bb4 22. Bh2 Ne7 23. Rd1 Bxc3 24. bxc3 Nd5 25. Qd3 Nc5 26. Qd4 Rac8 27. Rd2 Nb7
28. Bg1 Qxc3 29. Qxc3 Rxc3 30. Rb1 Nc5 31. Ra1 Rc4 32. a5 b5 33. Nd4 Ne4 34.
Rdd1 Nb4 35. Rdc1 Rec8 36. Rab1 Nxc2 37. Nxc2 Rxc2 38. Rxc2 Rxc2 39. Rb4 Ng3+
40. Kh2 Nf5 41. Rg4 Re2 42. Rf4 Rxe5 43. Rf2 Nd6 44. Rd2 Rd5 45. Rc2 Nc4 46.
Bb6 e5 47. Rc3 e4 48. Kg1 Rd3 49. Rc2 e3 50. Re2 f5 51. g3 Rd1+ 52. Kg2 Rd2 53.
Kf1 Rxe2 54. Kxe2 Kf7 55. Kf3 Ke6 56. Ke2 Nxb6 57. axb6 Kd6 58. Kxe3 g5 59. h4
Kc6 60. hxg5 hxg5 61. Kd4 Kxb6 62. Ke5 f4 63. gxf4 gxf4 64. Kxf4 b4 65. Ke4 a5
66. Kd4 b3 67. Kc3 a4 68. Kb2 Kb5 69. Ka3 Ka5 0-1

[Event "DEM U14w 2019"]
[Site "Willingen GER"]
[Date "2019.06.10"]
[Round "3"]
[White "Kalina, Lena"]
[Black "Avetyan, Manan"]
[Result "1-0"]
[Termination "normal"]
[Board "11"]
[WhiteElo "1687"]
[BlackElo "1307"]
[WhiteClock "00:06:25"]
[BlackClock "00:02:49"]
[PlyCount "77"]
[WhiteFideId "12988014"]
[BlackFideId "16244737"]
[EventCountry "GER"]
[EventRounds "9"]
[EventType "swiss"]
[EventDate "2019.06.08"]

1. d4 d5 2. c4 e6 3. Nc3 Nf6 4. cxd5 exd5 5. Bg5 c6 6. Qc2 Be7 7. e3 Nbd7 8.
Bd3 h6 9. Bf4 Nh5 10. Nge2 Nb6 11. h3 Bd6 12. Be5 c5 13. Bb5+ Kf8 14. Bxd6+
Qxd6 15. dxc5 Qxc5 16. O-O a6 17. Bd3 Be6 18. Nd4 Re8 19. Rac1 g6 20. Qe2 Qd6
21. Rfd1 Kg7 22. Bc2 Rhf8 23. Bb3 Nf6 24. a4 Kh8 25. Qf3 Qe5 26. a5 Nc4 27.
Bxc4 dxc4 28. Qxb7 Qxa5 29. Ra1 Rb8 30. Qxb8 Rxb8 31. Rxa5 Rxb2 32. Rxa6 Nd5
33. Nxd5 Bxd5 34. Rc1 Rb4 35. f3 f5 36. Rxg6 Kh7 37. Rd6 Bf7 38. Nxf5 Bg6 39.
Rd7+ 1-0

[Event "DEM U14w 2019"]
[Site "Willingen GER"]
[Date "2019.06.10"]
[Round "3"]
[White "Gerber, Anna Sophie"]
[Black "Li, Zixin"]
[Result "1-0"]
[Termination "normal"]
[Board "12"]
[WhiteElo "1473"]
[BlackElo "1284"]
[WhiteClock "00:09:01"]
[BlackClock "00:34:12"]
[PlyCount "125"]
[WhiteFideId "16270231"]
[BlackFideId "16244770"]
[EventCountry "GER"]
[EventRounds "9"]
[EventType "swiss"]
[EventDate "2019.06.08"]

1. d4 d5 2. c4 e6 3. Nc3 Be7 4. Bf4 Nf6 5. e3 c6 6. cxd5 exd5 7. Bd3 O-O 8.
Nge2 Nbd7 9. O-O Nh5 10. Bg3 Nxg3 11. Nxg3 Nf6 12. Rc1 Ng4 13. Nf5 Bxf5 14.
Bxf5 Nf6 15. Qb3 b6 16. Na4 Qc7 17. Rc2 Ne4 18. Rfc1 Bd6 19. g3 c5 20. Qxd5
Nxg3 21. hxg3 Bxg3 22. dxc5 Rfd8 23. Qg2 Qe5 24. Be4 Bh2+ 25. Qxh2 Qxe4 26. Nc3
Qg6+ 27. Qg2 Qxg2+ 28. Kxg2 bxc5 29. Ne4 Rab8 30. Nxc5 h6 31. Na4 Rd5 32. Rc8+
Rxc8 33. Rxc8+ Kh7 34. Rc7 Ra5 35. Nc3 Kg6 36. Rd7 Kf6 37. Rd5 Rxd5 38. Nxd5+
Ke5 39. Nb4 Kd6 40. Kf3 h5 41. Nd3 g6 42. e4 Ke6 43. Kf4 f6 44. Ke3 g5 45. f3
f5 46. exf5+ Kxf5 47. b4 g4 48. fxg4+ hxg4 49. a4 Ke6 50. Nf4+ Kd6 51. Kd4 Kc6
52. Kc4 Kb6 53. a5+ Kc7 54. Kb5 Kb7 55. Ng2 a6+ 56. Kc5 Kc7 57. b5 axb5 58.
Kxb5 Kb7 59. a6+ Ka7 60. Ka5 Kb8 61. Kb6 Ka8 62. Ne3 g3 63. Nd5 1-0

[Event "DEM U14w 2019"]
[Site "Willingen GER"]
[Date "2019.06.11"]
[Round "4"]
[White "Albayrak, Nese Pinar"]
[Black "Kalina, Lena"]
[Result "1/2-1/2"]
[Termination "normal"]
[Board "8"]
[WhiteElo "1530"]
[BlackElo "1687"]
[WhiteClock "00:02:58"]
[BlackClock "00:04:23"]
[PlyCount "151"]
[WhiteFideId "16255259"]
[BlackFideId "12988014"]
[EventCountry "GER"]
[EventRounds "9"]
[EventType "swiss"]
[EventDate "2019.06.08"]

1. e4 {[%clk 1:30:57]} 1... c5 {[%clk 1:30:54]} 2. Nf3 {[%clk 1:31:22]} 2... g6
{[%clk 1:30:33]} 3. d4 {[%clk 1:31:40]} 3... cxd4 {[%clk 1:30:59]} 4. Nxd4 {
[%clk 1:32:01]} 4... Nc6 {[%clk 1:31:19]} 5. Nc3 {[%clk 1:32:00]} 5... Bg7 {
[%clk 1:31:38]} 6. Be3 {[%clk 1:32:04]} 6... Nf6 {[%clk 1:31:42]} 7. Bc4 {
[%clk 1:31:44]} 7... O-O {[%clk 1:32:04]} 8. Bb3 {[%clk 1:31:31]} 8... Qa5 {
[%clk 1:31:34]} 9. f3 {[%clk 1:29:39]} 9... d5 {[%clk 1:18:10]} 10. exd5 {
[%clk 1:17:38]} 10... Nb4 {[%clk 1:17:24]} 11. Qd2 {[%clk 1:13:25]} 11... Nbxd5
{[%clk 1:14:09]} 12. Nxd5 {[%clk 0:57:39]} 12... Qxd2+ {[%clk 1:14:08]} 13.
Bxd2 {[%clk 0:52:32]} 13... Nxd5 {[%clk 1:14:15]} 14. Bxd5 {[%clk 0:52:22]}
14... Bxd4 {[%clk 1:14:14]} 15. c3 {[%clk 0:52:18]} 15... Bg7 {[%clk 1:13:39]}
16. O-O-O {[%clk 0:51:54]} 16... e6 {[%clk 1:11:34]} 17. Bc4 {[%clk 0:50:31]}
17... Bd7 {[%clk 1:07:21]} 18. h4 {[%clk 0:48:36]} 18... h5 {[%clk 1:05:35]}
19. g4 {[%clk 0:46:48]} 19... Bc6 {[%clk 1:02:23]} 20. Rh3 {[%clk 0:43:15]}
20... Rac8 {[%clk 1:00:31]} 21. Bb3 {[%clk 0:40:19]} 21... hxg4 {[%clk 0:49:34]
} 22. fxg4 {[%clk 0:40:16]} 22... Bb5 {[%clk 0:47:33]} 23. h5 {[%clk 0:36:41]}
23... Be2 {[%clk 0:45:11]} 24. Rg1 {[%clk 0:34:39]} 24... Bd4 {[%clk 0:43:08]}
25. Be3 {[%clk 0:32:52]} 25... Bxe3+ {[%clk 0:38:28]} 26. Rxe3 {[%clk 0:33:14]}
26... Bc4 {[%clk 0:37:39]} 27. hxg6 {[%clk 0:30:53]} 27... fxg6 {[%clk 0:34:44]
} 28. Bxc4 {[%clk 0:28:56]} 28... Rxc4 {[%clk 0:35:02]} 29. Rxe6 { [%clk
0:29:12]} 29... Kf7 {[%clk 0:33:44]} 30. Rd6 {[%clk 0:28:28]} 30... Rc7 { [%clk
0:28:24]} 31. Rf1+ {[%clk 0:27:35]} 31... Ke7 {[%clk 0:28:06]} 32. Rxf8 { [%clk
0:24:45]} 32... Kxf8 {[%clk 0:26:50]} 33. Rxg6 {[%clk 0:24:57]} 33... Kf7
{[%clk 0:25:50]} 34. Rd6 {[%clk 0:23:08]} 34... Re7 {[%clk 0:21:13]} 35. Kd2 {
[%clk 0:20:30]} 35... b6 {[%clk 0:19:16]} 36. b4 {[%clk 0:14:58]} 36... Rc7 {
[%clk 0:17:56]} 37. Kd3 {[%clk 0:13:12]} 37... b5 {[%clk 0:16:45]} 38. Rd5 {
[%clk 0:08:43]} 38... a6 {[%clk 0:16:01]} 39. Rd6 {[%clk 0:08:14]} 39... Ra7 {
[%clk 0:14:45]} 40. a3 {[%clk 0:06:23]} 40... a5 {[%clk 0:13:21]} 41. Rb6 {
[%clk 0:03:30]} 41... axb4 {[%clk 0:12:23]} 42. axb4 {[%clk 0:03:39]} 42...
Rd7+ {[%clk 0:12:33]} 43. Ke4 {[%clk 0:01:32]} 43... Rc7 {[%clk 0:12:15]} 44.
Kd4 {[%clk 0:29:16]} 44... Rc4+ {[%clk 0:42:01]} 45. Kd3 {[%clk 0:29:37]} 45...
Rxg4 {[%clk 0:41:47]} 46. Rxb5 {[%clk 0:29:49]} 46... Ke6 {[%clk 0:40:44]} 47.
Rc5 {[%clk 0:27:27]} 47... Kd6 {[%clk 0:39:35]} 48. Kc2 {[%clk 0:26:03]} 48...
Rg8 {[%clk 0:37:49]} 49. Kb3 {[%clk 0:24:52]} 49... Ra8 {[%clk 0:37:47]} 50.
Ra5 {[%clk 0:24:19]} 50... Rb8 {[%clk 0:35:39]} 51. Ra6+ {[%clk 0:23:30]} 51...
Kc7 {[%clk 0:34:57]} 52. c4 {[%clk 0:23:33]} 52... Kb7 {[%clk 0:32:56]} 53. b5
{[%clk 0:21:10]} 53... Rh8 {[%clk 0:31:19]} 54. Rd6 {[%clk 0:19:18]} 54... Rh3+
{[%clk 0:28:11]} 55. Kb4 {[%clk 0:18:58]} 55... Rh4 {[%clk 0:27:29]} 56. Kc5 {
[%clk 0:17:46]} 56... Rh5+ {[%clk 0:25:39]} 57. Rd5 {[%clk 0:17:54]} 57... Rh6
{[%clk 0:24:51]} 58. Rd7+ {[%clk 0:13:28]} 58... Kc8 {[%clk 0:24:08]} 59. Rd6 {
[%clk 0:13:11]} 59... Rh7 {[%clk 0:21:01]} 60. Kb6 {[%clk 0:10:02]} 60... Rb7+
{[%clk 0:18:05]} 61. Ka6 {[%clk 0:10:18]} 61... Rh7 {[%clk 0:17:31]} 62. b6 {
[%clk 0:09:51]} 62... Rg7 {[%clk 0:16:00]} 63. Rc6+ {[%clk 0:07:50]} 63... Kb8
{[%clk 0:15:19]} 64. b7 {[%clk 0:05:26]} 64... Rxb7 {[%clk 0:14:33]} 65. Rb6 {
[%clk 0:05:23]} 65... Ka8 {[%clk 0:14:49]} 66. c5 {[%clk 0:05:12]} 66... Rc7 {
[%clk 0:09:01]} 67. c6 {[%clk 0:04:57]} 67... Rh7 {[%clk 0:08:19]} 68. Rb5 {
[%clk 0:04:21]} 68... Ra7+ {[%clk 0:07:02]} 69. Kb6 {[%clk 0:04:33]} 69... Kb8
{[%clk 0:06:56]} 70. Kc5+ {[%clk 0:04:33]} 70... Kc7 {[%clk 0:07:01]} 71. Kd5 {
[%clk 0:04:50]} 71... Ra1 {[%clk 0:05:54]} 72. Rb7+ {[%clk 0:03:53]} 72... Kc8
{[%clk 0:06:12]} 73. Rb4 {[%clk 0:03:28]} 73... Rd1+ {[%clk 0:05:51]} 74. Kc5 {
[%clk 0:03:17]} 74... Kc7 {[%clk 0:04:43]} 75. Kb5 {[%clk 0:02:49]} 75... Rc1 {
[%clk 0:04:23]} 76. Rc4 {[%clk 0:02:58]} 1/2-1/2

[Event "DEM U14w 2019"]
[Site "Willingen GER"]
[Date "2019.06.12"]
[Round "5"]
[White "Buchholz, Maja"]
[Black "Butenandt, Svenja"]
[Result "1/2-1/2"]
[Termination "normal"]
[Board "3"]
[WhiteElo "1657"]
[BlackElo "1722"]
[WhiteClock "00:28:53"]
[BlackClock "00:09:06"]
[PlyCount "63"]
[WhiteFideId "16200500"]
[BlackFideId "12993859"]
[EventCountry "GER"]
[EventRounds "9"]
[EventType "swiss"]
[EventDate "2019.06.08"]

1. c4 {[%clk 1:30:58]} 1... e5 {[%clk 1:30:55]} 2. g3 {[%clk 1:31:24]} 2... Nf6
{[%clk 1:31:21]} 3. Bg2 {[%clk 1:31:50]} 3... d5 {[%clk 1:31:47]} 4. Nc3 {
[%clk 1:32:05]} 4... c6 {[%clk 1:25:54]} 5. cxd5 {[%clk 1:29:48]} 5... cxd5 {
[%clk 1:25:59]} 6. d4 {[%clk 1:25:18]} 6... e4 {[%clk 1:20:29]} 7. e3 { [%clk
1:22:41]} 7... Nc6 {[%clk 1:15:51]} 8. a3 {[%clk 1:22:14]} 8... Be7 { [%clk
1:14:39]} 9. Nge2 {[%clk 1:22:33]} 9... O-O {[%clk 1:13:53]} 10. O-O { [%clk
1:22:29]} 10... Bf5 {[%clk 1:09:50]} 11. Bd2 {[%clk 1:20:39]} 11... Qd7 { [%clk
1:07:20]} 12. Qb3 {[%clk 1:17:17]} 12... Rfd8 {[%clk 1:02:36]} 13. Rfd1 { [%clk
1:14:41]} 13... h6 {[%clk 0:57:21]} 14. Rac1 {[%clk 1:10:58]} 14... g5 { [%clk
0:52:24]} 15. f3 {[%clk 1:07:13]} 15... Na5 {[%clk 0:42:07]} 16. Qa2 { [%clk
1:06:48]} 16... exf3 {[%clk 0:40:53]} 17. Bxf3 {[%clk 1:07:00]} 17... b6 {[%clk
0:38:03]} 18. Re1 {[%clk 0:51:51]} 18... Kg7 {[%clk 0:31:29]} 19. Nxd5 { [%clk
0:48:56]} 19... Nxd5 {[%clk 0:31:08]} 20. e4 {[%clk 0:49:15]} 20... Be6 { [%clk
0:27:25]} 21. exd5 {[%clk 0:49:21]} 21... Bxd5 {[%clk 0:27:37]} 22. Bxd5 {[%clk
0:49:07]} 22... Qxd5 {[%clk 0:28:01]} 23. Qxd5 {[%clk 0:49:19]} 23... Rxd5
{[%clk 0:28:16]} 24. Bc3 {[%clk 0:44:15]} 24... Nb3 {[%clk 0:26:34]} 25. Rcd1
{[%clk 0:43:52]} 25... Bf6 {[%clk 0:26:11]} 26. Rd3 {[%clk 0:42:47]} 26... Re8
{[%clk 0:23:52]} 27. Kf2 {[%clk 0:41:17]} 27... Nc5 {[%clk 0:20:43]} 28. Rf3
{[%clk 0:39:00]} 28... Ne6 {[%clk 0:16:17]} 29. Rd1 {[%clk 0:36:17]} 29... Red8
{[%clk 0:15:39]} 30. Ke3 {[%clk 0:32:00]} 30... Re8 {[%clk 0:13:37]} 31. Kd3
{[%clk 0:29:40]} 31... Red8 {[%clk 0:09:06]} 32. Ke3 {[%clk 0:28:53]} 1/2-1/2

[Event "DEM U14w 2019"]
[Site "Willingen GER"]
[Date "2019.06.12"]
[Round "5"]
[White "Oswald, Hannah"]
[Black "Reuter, Elisa"]
[Result "0-1"]
[Termination "normal"]
[Board "4"]
[WhiteElo "1632"]
[BlackElo "1923"]
[WhiteClock "00:00:49"]
[BlackClock "00:34:33"]
[PlyCount "68"]
[WhiteFideId "16214960"]
[BlackFideId "12995444"]
[EventCountry "GER"]
[EventRounds "9"]
[EventType "swiss"]
[EventDate "2019.06.08"]

1. e4 {[%clk 1:30:59]} 1... c5 {[%clk 1:30:55]} 2. Nf3 {[%clk 1:31:21]} 2...
Nc6 {[%clk 1:31:22]} 3. d4 {[%clk 1:31:45]} 3... cxd4 {[%clk 1:31:48]} 4. Nxd4
{[%clk 1:32:08]} 4... Nf6 {[%clk 1:32:14]} 5. Nc3 {[%clk 1:30:29]} 5... e5 {
[%clk 1:32:40]} 6. Nb3 {[%clk 1:28:24]} 6... Bb4 {[%clk 1:33:00]} 7. Bd3 {
[%clk 1:27:33]} 7... d5 {[%clk 1:33:24]} 8. exd5 {[%clk 1:23:23]} 8... Nxd5 {
[%clk 1:33:48]} 9. Bd2 {[%clk 1:22:00]} 9... Nxc3 {[%clk 1:33:30]} 10. bxc3 {
[%clk 1:20:28]} 10... Be7 {[%clk 1:30:36]} 11. O-O {[%clk 1:18:51]} 11... Be6 {
[%clk 1:29:16]} 12. f4 {[%clk 1:09:10]} 12... exf4 {[%clk 1:20:33]} 13. Bxf4 {
[%clk 1:04:14]} 13... O-O {[%clk 1:15:57]} 14. Qh5 {[%clk 0:59:12]} 14... g6 {
[%clk 1:15:55]} 15. Qf3 {[%clk 0:54:07]} 15... Bd5 {[%clk 1:13:49]} 16. Qf2 {
[%clk 0:51:13]} 16... Bg5 {[%clk 1:05:20]} 17. Nc5 {[%clk 0:45:16]} 17... Bxf4
{[%clk 1:01:29]} 18. Qxf4 {[%clk 0:45:00]} 18... Qe7 {[%clk 1:00:35]} 19. Qf2 {
[%clk 0:40:37]} 19... b6 {[%clk 0:57:38]} 20. Nb3 {[%clk 0:36:54]} 20... f5 {
[%clk 0:53:25]} 21. Rfe1 {[%clk 0:31:29]} 21... Qf7 {[%clk 0:52:14]} 22. Qf1 {
[%clk 0:23:45]} 22... Kg7 {[%clk 0:49:14]} 23. c4 {[%clk 0:14:08]} 23... Be6 {
[%clk 0:49:12]} 24. c3 {[%clk 0:12:31]} 24... Rfd8 {[%clk 0:47:16]} 25. Rad1 {
[%clk 0:10:04]} 25... Qf6 {[%clk 0:46:30]} 26. Qe2 {[%clk 0:06:00]} 26... Bf7 {
[%clk 0:46:27]} 27. Qc2 {[%clk 0:04:37]} 27... Ne5 {[%clk 0:42:42]} 28. Be2 {
[%clk 0:02:55]} 28... Nxc4 {[%clk 0:41:15]} 29. Bf3 {[%clk 0:01:53]} 29... Rxd1
{[%clk 0:39:41]} 30. Bxd1 {[%clk 0:02:17]} 30... Rc8 {[%clk 0:39:08]} 31. Bf3 {
[%clk 0:01:13]} 31... Na3 {[%clk 0:38:19]} 32. Qb2 {[%clk 0:01:00]} 32... Nb5 {
[%clk 0:35:25]} 33. Qf2 {[%clk 0:00:46]} 33... Rxc3 {[%clk 0:34:49]} 34. Nc1 {
[%clk 0:00:49]} 34... Nd4 {[%clk 0:34:33]} 0-1